000 00324nam a22001457a 4500
003 SGT
020 _a938426675-2
082 _a615
_bHAR
100 _aHARSHITA, MS.
245 _aPHARMACEUTICS -I LABORATORY MANUAL
260 _aINDIA
_bBIRLA PUB.
_c2025
300 _a204
650 _aPHARMACEUTICS
942 _2ddc
_cBK
999 _c33014
_d33014